000 01468nam a2200349 i 4500
001 196978
003 ES-MaACL
005 20250826043917.0
008 250218s2012 mx a|||f |||| 000|0dspa c
020 _a9786074624151
035 _a(ES-BaCBU).b5466875x
040 _aES-BaCBU
_bcat
_cES-BaCBU
245 0 3 _aEl Secreto del imperio español :
_blos situados coloniales en el siglo XVIII /
_cCarlos Marichal, Johanna von Grafenstein, coordinadores.
250 _aPrimera edición 2012
260 _aMéxico :
_bEl Colegio de México. Centro de Estudios Históricos,
_bInstituto Mora,
_c2012.
300 _a373 páginas :
_bilustrado ;
_c22 cm.
336 _2rdacontent
_atexto
337 _2rdamedia
_asin mediación
338 _2rdacarrier
_avolumen
650 4 _aImpuestos-
_zEspaña
_913634
650 4 _aFinanzas
_912870
651 4 _aEspaña-
_xColonias-
_vHistoria
_98175
700 1 _aMarichal, Carlos
_976699
_ecoor
700 1 _aGrafenstein, Johanna von
_9239731
_ecoor
710 2 _aColegio de México.
_bCentro de Estudios Históricos
_9239732
710 _aInstituto de Investigaciones Dr. José María Luis Mora
_9239733
852 _aES-MaACL
_cDEPOJ
_jN-10359
_xEncuaderanción rústica con solapas
_9206481
_hDonación: Editorial
942 _cMONOGRAFIA
_n0
999 _c196978
_d196978